Name all Atari Consoles - Statistics

General Stats
  • This quiz has been taken 88 times
  • The average score is 6 of 15
Answer Stats
Hint Answer % Correct
1980s Atari 2600 - 1982
97%
1980s (USA only) Atari 5200 - 1982
91%
1990s Atari Jaguar - 1993
86%
1980s Atari 7800 - 1986
78%
1980s (Handheld) Atari Lynx - 1989
75%
1970s Atari Pong - 1975
63%
2000s Atari Flashback - 2004
26%
1990s (Handheld) Atari Lynx 2 - 1991
22%
1970s Atari VCS - 1977
20%
1980s (Japan only) Atari 2800 - 1983
15%
1980s Atari XEGS - 1987
14%
1980s Atari 2600 Jr - 1986
9%
2000s Atari Flashback 2 - 2005
8%
1970s Atari Video Pinball - 1978
6%
1970s Atari Stunt Cycle - 1976
3%
No matching quizzes found
Score Distribution
Percent of People with Each Score
Percentile by Number Answered
Your Score History
You have not taken this quiz